|
|
|
|
| LEADER |
01301nam a2200325 a 4500 |
| 001 |
000666643 |
| 003 |
CZ BrMZK |
| 005 |
20140408094048.0 |
| 007 |
ta |
| 008 |
030416s1963 xr f cze d |
| 015 |
|
|
|a cnb000475486
|
| 020 |
|
|
|q (Váz.) :
|c Kčs 22,50
|
| 035 |
|
|
|a (OCoLC)80985927
|
| 040 |
|
|
|a ABA001
|b cze
|c PNA001
|d ABA001
|d BOA001
|
| 080 |
9 |
|
|a 885-93-312.9
|
| 100 |
1 |
|
|a Babula, Vladimír,
|d 1919-1966
|7 jk01010510
|4 aut
|
| 245 |
1 |
0 |
|a Oceánem světelných roků :
|b fantastická trilogie /
|c Vladimír Babula ; [ilustroval ... Kamil Lhoták]
|
| 250 |
|
|
|a 1. vyd.
|
| 260 |
|
|
|a Praha :
|b Mladá fronta,
|c 1963
|
| 300 |
|
|
|a 264 s., [10] l. obr. příl :
|b barev. il. ;
|c 21 cm
|
| 490 |
1 |
|
|a Vpřed ;
|v sv. 128
|
| 500 |
|
|
|a 20500 výt.
|
| 505 |
0 |
0 |
|t Signály z vesmíru --
|t Planeta tří sluncí --
|t Přátelé z Hadonoše
|
| 830 |
|
0 |
|a Vpřed (Mladá fronta)
|0 s
|
| 856 |
4 |
1 |
|u http://www.digitalniknihovna.cz/mzk/uuid/uuid:d9789df0-aeae-11e3-b833-005056827e52
|y Digitalizovaný dokument
|x NDK
|
| 910 |
|
|
|a BOA001
|b PK-0033.431
|b 2-0495.617
|
| 920 |
|
|
|a 000586852
|
| 990 |
|
|
|a BK
|
| 996 |
6 |
|
|b 2619709818
|c 2-0495.617
|l MZK
|r Sklad / do 24 hodin
|n 8
|w 000666643
|u 000020
|a 1
|e BOA001
|j MZK50
|s P
|
| 996 |
7 |
|
|b 3119639357
|c PK-0033.431
|l MZK
|r Sklad / do 1 hodiny
|n 9
|w 000666643
|u 000010
|a 1
|e BOA001
|j MZK50
|s A
|